|
|
|
|
| LEADER |
01036nab a2200277 i 4500 |
| 001 |
publ23203 |
| 005 |
20220117084118.0 |
| 008 |
220117s2018 hu o 0|| Angol d |
| 022 |
|
|
|a 0341-8162
|
| 024 |
7 |
|
|a 10.1016/j.catena.2018.07.037
|2 doi
|
| 024 |
7 |
|
|a 3419116
|2 mtmt
|
| 040 |
|
|
|a SZTE Publicatio Repozitórium
|b hun
|
| 041 |
|
|
|a Angol
|
| 100 |
1 |
|
|a Hošek M.
|
| 245 |
1 |
0 |
|a Geochemical mapping in polluted floodplains using in situ X-ray fluorescence analysis, geophysical imaging, and statistics
|h [elektronikus dokumentum] :
|b Surprising complexity of floodplain pollution hotspot /
|c Hošek M.
|
| 260 |
|
|
|c 2018
|
| 300 |
|
|
|a 632-644
|
| 490 |
0 |
|
|a CATENA
|v 171
|
| 650 |
|
4 |
|a Föld- és kapcsolódó környezettudományok
|
| 700 |
0 |
1 |
|a Matys Grygar T.
|e aut
|
| 700 |
0 |
1 |
|a Elznicová J.
|e aut
|
| 700 |
0 |
1 |
|a Faměra M.
|e aut
|
| 700 |
0 |
1 |
|a Popelka J.
|e aut
|
| 700 |
0 |
1 |
|a Matkovič J.
|e aut
|
| 700 |
0 |
1 |
|a Kiss Tímea
|e aut
|
| 856 |
4 |
0 |
|u http://publicatio.bibl.u-szeged.hu/23203/1/Mikhael_CATENA_2018_GeochemicalMapping.pdf
|z Dokumentum-elérés
|